Największe miasta we Francji - Statystyki

Ogólne statystyki
  • Ten quiz został rozwiązany 399 razy
  • Średni wynik to 7 z 10
Statystyki odpowiedzi
Lp. Liczba ludności Miasta % Poprawnych
1. 2 190 000 Paryż
100%
3. 520 000 Lyon
95%
2. 830 000 Marsylia
95%
9. 254 000 Bordeaux
79%
5. 340 000 Nicea
74%
4. 480 000 Tuluza
69%
10. 230 000 Lille
63%
8. 280 000 Strasburg
60%
6. 310 000 Nantes
58%
7. 285 000 Montpellier
45%
Nie znaleziono quizów pasujących do podanych kryteriów
Rozkład punktacji
Procent ludzi z każdym wynikiem
Percentyl według liczby udzielonych odpowiedzi
Twoja historia wyników
Nie rozwiązałeś tego quizu